Partial Differential Equations in General Relativity / (Record no. 10966)
[ view plain ]
| 000 -LEADER | |
|---|---|
| fixed length control field | 01396cam a22003857a 4500 |
| 001 - CONTROL NUMBER | |
| control field | 15343417 |
| 005 - DATE AND TIME OF LATEST TRANSACTION | |
| control field | 20240818092910.0 |
| 008 - FIXED-LENGTH DATA ELEMENTS--GENERAL INFORMATION | |
| fixed length control field | 080625s2008 enka b 001 0 eng |
| 010 ## - | |
| -- | 2008274219 |
| 015 ## - | |
| -- | GBA800074 |
| -- | bnb |
| 016 7# - | |
| -- | 014475788 |
| -- | Uk |
| 020 ## - INTERNATIONAL STANDARD BOOK NUMBER | |
| International Standard Book Number | 9780199215409 (hbk.) |
| 020 ## - INTERNATIONAL STANDARD BOOK NUMBER | |
| International Standard Book Number | 0199215405 (hbk.) |
| 020 ## - INTERNATIONAL STANDARD BOOK NUMBER | |
| International Standard Book Number | 0199215413 (pbk.) |
| 020 ## - INTERNATIONAL STANDARD BOOK NUMBER | |
| International Standard Book Number | 9780199215416 (pbk.) |
| 035 ## - SYSTEM CONTROL NUMBER | |
| System control number | (OCoLC)ocn226279733 |
| 040 ## - CATALOGING SOURCE | |
| Original cataloging agency | UKM |
| Transcribing agency | UKM |
| Modifying agency | BWX |
| -- | BAKER |
| -- | OCLCQ |
| -- | YDXCP |
| -- | DLC |
| 042 ## - | |
| -- | ukblcatcopy |
| -- | lccopycat |
| 050 00 - LIBRARY OF CONGRESS CALL NUMBER | |
| Classification number | QC173.6 |
| Item number | .R473 2008 |
| 082 04 - DEWEY DECIMAL CLASSIFICATION NUMBER | |
| Classification number | 530.11 |
| Edition number | 22 |
| Item number | REN |
| 100 1# - MAIN ENTRY--PERSONAL NAME | |
| Personal name | Rendall, Alan D. |
| 245 10 - TITLE STATEMENT | |
| Title | Partial Differential Equations in General Relativity / |
| Statement of responsibility, etc | Alan D. Rendall. |
| 260 ## - | |
| -- | Oxford ; |
| -- | New York : |
| -- | Oxford University Press, |
| -- | c2008. |
| 300 ## - PHYSICAL DESCRIPTION | |
| Extent | xvi, 279 p. : |
| Other physical details | ill. ; |
| Dimensions | 25 cm. |
| 336 ## - CONTENT TYPE | |
| Source | rdacontent |
| Content type term | text |
| Content type code | txt |
| 337 ## - MEDIA TYPE | |
| Media type term | unmediated |
| Source | rdamedia |
| Media type code | n |
| 338 ## - CARRIER TYPE | |
| Carrier type term | volume |
| Carrier type code | nc |
| Source | rdacarrier |
| 440 #0 - | |
| -- | Oxford graduate texts in mathematics ; |
| -- | 16 |
| 504 ## - BIBLIOGRAPHY, ETC. NOTE | |
| Bibliography, etc | Includes bibliographical references (p. [263]-275) and index. |
| 650 #0 - SUBJECT ADDED ENTRY--TOPICAL TERM | |
| Topical term or geographic name as entry element | General relativity (Physics) |
| General subdivision | Mathematics. |
| 650 #0 - SUBJECT ADDED ENTRY--TOPICAL TERM | |
| Topical term or geographic name as entry element | Differential equations, Partial. |
| 856 41 - ELECTRONIC LOCATION AND ACCESS | |
| Materials specified | Table of contents |
| Uniform Resource Identifier | <a href="http://www.loc.gov/catdir/toc/fy0804/2008274219.html">http://www.loc.gov/catdir/toc/fy0804/2008274219.html</a> |
| 942 ## - ADDED ENTRY ELEMENTS (KOHA) | |
| Source of classification or shelving scheme | Dewey Decimal Classification |
| Koha item type | Book - Borrowing |
| Classification part | RDA-MOD |
| Withdrawn status | Lost status | Source of classification or shelving scheme | Damaged status | Not for loan | Collection code | Home library | Current library | Shelving location | Date acquired | Source of acquisition | Cost, normal purchase price | Serial Enumeration / chronology | Total Checkouts | Full call number | Barcode | Date last seen | Price effective from | Koha item type |
|---|---|---|---|---|---|---|---|---|---|---|---|---|---|---|---|---|---|---|
| Dewey Decimal Classification | Baccah | Central Library | Central Library | First floor | 26/02/2009 | 280.80 | 7117 | 530.11 REN | 000014976 | 15/07/2025 | 26/02/2009 | Book - Borrowing |